=LDR 00000nam 2200000 4500 =001 NUTBA000000000005323 =005 20141028092402.0 =006 =007 =008 =020 ##$$a 978-979-28-0885-8 =035 ##$$a 0010-101400000000553 =040 ##$$a NBPDMAT =082 ##$$a 300.76 =090 ##$$a 300.76 $b Fin i =100 ##$$a Fina Yurista =245 ##$$a Ilmu pengetahuan sosial untuk SD dan MI kelas iv semester 2 / $c Fina Yurista, Hendro Prima S =260 ##$$a Klaten : $b Intan Pariwara, ( s.a ) =300 ##$$a 64 hlm. : $b ilus. ; $c 27 cm. =500 ##$$a Bibliografi : hlm.64 =650 ##$$a Ilmu Pengetahuan SosiaL - sd =700 ##$$a Hendro Prima S =850 ##$$a NBPDMAT